00193nam a2200073Ia 4500008004100000082001700041100002700058245003400085240331s9999 xx 000 0 und d a291.082bWOM aEcumenical Association 0aWomen in Third World Theology